Wu-Tang Clan - Triumph Lyrics - Statistics

General Stats
  • This quiz has been taken 63 times
  • The average score is 414 of 1030
Answer Stats
Hint Answer % Correct
a
100%
A
100%
Capadonna | Inspecta Deck I
100%
at?
97%
at
97%
C-
94%
the
91%
The
91%
An
88%
and
88%
And
88%
So
88%
so
88%
atomically,
85%
bomb
85%
Ghostface Killah Yo
82%
, yo,
82%
yo,
82%
you
82%
You
82%
be
79%
me?
79%
me
79%
me,
79%
to
79%
in
76%
In
76%
in,
76%
Socrates'
76%
philosophies
73%
see
73%
Wu-
73%
Wu
73%
can
70%
for
70%
For
70%
is
70%
Of
70%
of
70%
Tang
70%
Tang,
70%
Can't
67%
can't
67%
how
67%
my
67%
My
67%
Method Man As
64%
as
64%
like,
64%
like
64%
perform
64%
this
64%
This
64%
with
64%
by
61%
define
61%
dropping
61%
I'm
61%
it
61%
kill
61%
mockeries
61%
robbery
61%
take
61%
Take
61%
these
61%
'79
58%
armed
58%
back
58%
back?
58%
Lyrically
58%
shit
58%
was
58%
Let's
55%
nigga
55%
through
55%
Through
55%
Who
55%
who
55%
your
55%
Your
55%
Flee
52%
fly
52%
masses
52%
masses,
52%
they
52%
ODB What?
52%
What
52%
what?
52%
when
52%
Battle-
48%
battle
48%
battle,
48%
inspect
48%
lottery,
48%
millennium
48%
platinum
48%
possibly
48%
spotted
48%
thought
48%
ass
45%
Black
45%
black
45%
do
45%
forever,
45%
future
45%
gonna
45%
here
45%
hit
45%
pen
45%
rap
45%
That
45%
that
45%
that!
45%
We
45%
we
45%
world
45%
Y'all
45%
y'all
45%
y'all,
45%
'97
42%
blind
42%
come
42%
forensics
42%
fuck
42%
germ
42%
gold,
42%
gold
42%
gun
42%
Gun
42%
hard
42%
hard-
42%
hits
42%
hypotheses
42%
Killa
42%
men,
42%
men
42%
niggas
42%
Niggas
42%
sold
42%
tactics
42%
war
42%
GZA War
42%
wasn't
42%
all
39%
drastic
39%
explosion
39%
fifty
39%
moonshine
39%
on
39%
On
39%
Osiris
39%
shine
39%
six-
39%
six
39%
sixty
39%
spread
39%
tremendous
39%
fans
36%
guns
36%
Guns
36%
I'ma
36%
learn
36%
never
36%
out
36%
rub
36%
Shogun,
36%
slow,
36%
slow
36%
tear
36%
Tear
36%
thrill
36%
turns,
36%
up
36%
up,
36%
victory,
36%
where
36%
agony
33%
blacksmiths
33%
burn
33%
defeat
33%
globe
33%
got
33%
headed
33%
line
33%
Look
33%
man
33%
niggarettes
33%
U-God Olympic
33%
scarred
33%
Wu-Tang,
33%
Wu-Tang
33%
Beez
30%
continues
30%
control
30%
die
30%
disastrous
30%
ease
30%
fire,
30%
flaming,
30%
flaming
30%
function
30%
gas
30%
if
30%
melt
30%
more
30%
motherfuckers
30%
not
30%
outcome
30%
saga
30%
slowly
30%
steel
30%
sweet
30%
those
30%
Those
30%
torch
30%
Ultraviolet
30%
Clan
27%
cortex
27%
demand
27%
displays
27%
dragon's
27%
floor,
27%
from
27%
From
27%
Graphic
27%
Hold
27%
hold
27%
It's
27%
it's
27%
million
27%
now
27%
pay
27%
Queen
27%
save
27%
sex
27%
Shackling
27%
swords
27%
talk,
27%
their
27%
then
27%
twist
27%
Aight
24%
ashes
24%
Behold
24%
blood
24%
Blue-
24%
bold
24%
bust
24%
cerebral
24%
crab
24%
death
24%
Death
24%
deluxe
24%
engage
24%
families
24%
feel
24%
five-
24%
get
24%
high
24%
high-
24%
holding
24%
I'll
24%
Into
24%
into
24%
jackets,
24%
laid
24%
lair
24%
life,
24%
Light
24%
make
24%
Make
24%
mind
24%
one
24%
only
24%
pan
24%
Play
24%
play
24%
raw
24%
scream
24%
sing
24%
Sing
24%
Sing,
24%
slum,
24%
square,
24%
stand
24%
Station
24%
swinging
24%
testament
24%
travel
24%
victim
24%
are
21%
away
21%
beer
21%
block
21%
Came
21%
came
21%
cap
21%
Central
21%
Day
21%
energy
21%
form
21%
frying
21%
game
21%
gathering
21%
God
21%
God,
21%
ground
21%
heart,
21%
Heart
21%
heart
21%
Iron
21%
laced
21%
land,
21%
live
21%
locked,
21%
Many
21%
mouth
21%
music
21%
Nation
21%
nut
21%
pack
21%
penalties
21%
peoples;
21%
Perpendicular
21%
pestilence,
21%
plaques
21%
position
21%
rage
21%
received
21%
rhyme
21%
right
21%
rock
21%
Shinobi
21%
sky
21%
soldier,
21%
song
21%
sound
21%
Sound
21%
spine
21%
stage
21%
tell
21%
top
21%
two-
21%
us
21%
vortex
21%
walk
21%
well
21%
whole
21%
another
18%
Another
18%
Arms
18%
arts
18%
attack
18%
axe
18%
bad
18%
beat,
18%
Bless
18%
bloodstream
18%
body
18%
burned
18%
California
18%
chief
18%
close
18%
clot?
18%
cometh,
18%
coming
18%
conquer,
18%
couldn't
18%
court
18%
crush
18%
Cypher-
18%
Desire
18%
down
18%
drum
18%
ducking
18%
dumb
18%
engraved
18%
Enter
18%
escape
18%
Escape
18%
faces,
18%
firm
18%
Flair
18%
foreign
18%
free
18%
full
18%
Ghost
18%
Golden
18%
Grand
18%
green
18%
had
18%
Hell,
18%
hottest
18%
intrigued
18%
Jamel
18%
jump
18%
kid,
18%
kid
18%
Lung
18%
man's
18%
miles
18%
mostly
18%
mostly,
18%
Navarone
18%
none
18%
numb
18%
picture
18%
pot,
18%
probation
18%
provided
18%
respects
18%
ride
18%
Rider
18%
rushing
18%
screams
18%
self
18%
shells
18%
sight
18%
slums
18%
smoke
18%
sober
18%
solid
18%
sparks
18%
sperm
18%
spinning
18%
spit
18%
stain
18%
standing
18%
story
18%
takes
18%
tearing
18%
that's
18%
them
18%
think
18%
torn
18%
track
18%
Track
18%
tryna
18%
verbal
18%
voice
18%
walls,
18%
went
18%
year
18%
zone
18%
acts
15%
adjourned
15%
advantage
15%
adventure,
15%
ain't
15%
Allow
15%
anthem
15%
basic
15%
beats
15%
Bitches
15%
blow,
15%
blow
15%
certified
15%
Chicks
15%
clog
15%
Codeine
15%
contain
15%
cover,
15%
crafts,
15%
crowd
15%
cyanide
15%
drink
15%
due
15%
effect,
15%
English
15%
fashion
15%
first
15%
flight,
15%
fried
15%
fucking
15%
Getting
15%
ginseng
15%
Giving
15%
gray
15%
grounds
15%
Heads
15%
heard
15%
Herb
15%
incite
15%
jungle
15%
junkie,
15%
kiss
15%
lines
15%
Loop
15%
LP
15%
luck
15%
RZA March
15%
mine
15%
Mortal
15%
multiple
15%
Named
15%
names
15%
notes
15%
ones
15%
paint
15%
particular,
15%
patrol
15%
performing
15%
perm
15%
Pocket
15%
praise
15%
Program
15%
Punks
15%
ransom,
15%
rich
15%
Righteous
15%
Rip
15%
Run
15%
salamander
15%
score
15%
scum
15%
seed
15%
sipping
15%
slayed
15%
smell
15%
sounds
15%
spares
15%
spots
15%
squeeze
15%
stab
15%
step
15%
strapped
15%
Streetcar
15%
suffers
15%
talking,
15%
tantrum
15%
team
15%
terminal
15%
thousand
15%
transform
15%
travels
15%
true
15%
ventricle
15%
walking
15%
wanna
15%
wig
15%
wig,
15%
wounds
15%
93
12%
ballerinas
12%
bass
12%
brother,
12%
catalogs
12%
chaperon,
12%
chatterbox
12%
child
12%
compared
12%
convincing,
12%
darts
12%
deadly
12%
Domino
12%
'Donna
12%
drunk
12%
Dutch
12%
'em
12%
explosives
12%
fake
12%
fat
12%
footprints
12%
foul
12%
graceful,
12%
groupies
12%
helpless
12%
humiliate,
12%
Judgment
12%
Kombat
12%
Martini
12%
megahertz
12%
navy
12%
New
12%
number
12%
paragraphs
12%
pound
12%
Proceeds
12%
rack
12%
reign
12%
relentless
12%
renders
12%
represent
12%
ring
12%
riser
12%
rocks,
12%
rotating
12%
Rough
12%
Rumble
12%
shitty
12%
Sicily,
12%
slang
12%
soldiers,
12%
Sonny
12%
split
12%
supreme
12%
thoughts
12%
tried
12%
twice?
12%
vigilante
12%
Vocabulary
12%
wasted
12%
wax
12%
While
12%
white
12%
wooden
12%
'81
9%
Adjust
9%
Ali,
9%
amazing
9%
anesthesias
9%
burst,
9%
catwalk,
9%
dollar
9%
dosage,
9%
draft
9%
Drew
9%
fiend
9%
flex
9%
forced
9%
Genovese,
9%
Guaranteed
9%
Irief
9%
kings
9%
leaks
9%
Liston,
9%
made
9%
Max
9%
Noble
9%
Novation
9%
orchestra,
9%
permission
9%
pick
9%
Puma's
9%
Rod
9%
separate
9%
Stomp
9%
Strickland
9%
Swift
9%
swift
9%
tarantula
9%
tranquilized
9%
tranquilizer
9%
truck
9%
Tunes
9%
turbulence,
9%
visor,
9%
wave
9%
weed
9%
word
9%
York
9%
Raekwon Ayo,
6%
Blowing
6%
chancellor,
6%
Connect
6%
degrees
6%
delegate
6%
diesel,
6%
false
6%
ferocious
6%
Hands
6%
hawk
6%
Lamping
6%
Mediterranean,
6%
mourn'
6%
notarizer,
6%
overheard
6%
pop
6%
Shalamar
6%
sickening
6%
slide
6%
stray,
6%
substantiala
6%
threes
6%
undivided
6%
unfasten
6%
convention
3%
cork
3%
Earth,
3%
Yank
3%
sazon
0%
season
0%
No matching quizzes found
Score Distribution
Percent of People with Each Score
Percentile by Number Answered
Your Score History
You have not taken this quiz